| 000 | 00000nas 2200000zi 4500 |
| 001 | 9.506114 |
| 003 | CaOODSP |
| 005 | 20231129100506 |
| 006 | m o d f |
| 007 | cr cn||||||||| |
| 008 | 150406d19972017oncar p o||||f0 a0eng|d |
| 022 | |a1924-6765 |
| 040 | |aCaOODSP|beng|erda|cCaOODSP |
| 043 | |an-cn--- |
| 086 | 1 |aIu61-3E-PDF |
| 222 | 0|aPrime Minister's awards for teaching excellence. Guidelines and nomination form |b(Online) |
| 245 | 00|aPrime Minister's awards for teaching excellence. |pGuidelines & nomination form. |
| 246 | 33|aGuidelines and nomination form, Prime Minister's awards for teaching excellence |
| 264 | 1|aOttawa : |bIndustry Canada |
| 310 | |aAnnual |
| 336 | |atext|btxt|2rdacontent |
| 337 | |acomputer|bc|2rdamedia |
| 338 | |aonline resource|bcr|2rdacarrier |
| 362 | 1 |aBegan with 1997; ceased with 2016/2017? |
| 500 | |aIssued also in French under title: Prix du Premier ministre pour l'excellence dans l'enseignement, Lignes directrices et forumlaire de mise en candidature. |
| 500 | |aDigitized edition from print [produced by Innovation, Science and Economic Development Canada]. |
| 520 | 3 |aRecognizes the efforts of outstanding and innovative elementary and secondary teachers in all disciplines who instill in their students a love of learning, helping them excel and build a successful future. |
| 530 | |aIssued also in print format. |
| 588 | |aDescription based on: 1998. |
| 588 | |aLatest issue consulted: 2016/2017. |
| 650 | 0|aTeaching|xAwards|zCanada|vPeriodicals. |
| 650 | 0|aEducation|zCanada|vPeriodicals. |
| 651 | 0|aCanada. |
| 655 | 7|aPeriodicals|2lcgft |
| 710 | 1 |aCanada. |bIndustry Canada. |
| 775 | 08|tPrix du Premier ministre pour l'excellence dans l'enseignement. |w(CaOODSP)9.502516 |
| 776 | 0#|tPrime Minister's Awards for Teaching Excellence. Guidelines and nomination form |w(CaOODSP)9.515717 |